Environmental Law

Bibliographic Details
Main Author: Benidickson, Jamie
Format: eBook
Language:English
Published: Toronto: Irwin Law Inc., 2009
Subjects:
Online Access:Acceso restringido

MARC

LEADER 00000nam a22000007a 4500
005 20210909003431.0
007 cr|||| ||||
008 210909s2009 ca |||||s|||| 00||0 eng d
020 |a 9781552212523 
035 |a 35396 
040 |a vLex 
090 |c 12356  |d 12356 
100 1 |a Benidickson, Jamie 
245 1 0 |a Environmental Law  |h [Recurso electrn̤ico] /  |c Jamie Benidickson 
256 |a Servicio en ln̕ea 
260 |a Toronto:  |b Irwin Law Inc.,  |c 2009 
300 |a 1 recurso electrn̤ico 
506 1 |a Disponible solo en los productos indicados  |d vLex Global  |d vLex Global (Academic Edition, excluding Law Schools)  |d vLex Global (U.S. Academic Edition, Law Schools)  |d vLex Global (U.S. Academic Edition, excluding Law Schools)  |d vLex Global (Academic Edition, Law Schools) 
650 0 4 |a Derecho del Medio Ambiente  |z Canad̀ 
740 0 |a vLex Libros (Servicio en ln̕ea) 
856 4 0 |u https://app.vlex.com/#/sources/35396  |z Acceso restringido 
942 |c BOOK 
999 0 |a Environmental Law